Monumento a Curros Enríquez (Record no. 94216)

MARC details
000 -LEADER
campo de control de longitud fija 00624nam a2200181 i 4500
001 - NÚMERO DE CONTROL
campo de control 94216
003 - IDENTIFICADOR DE NÚMERO DE CONTROL
campo de control ES-MaACL
005 - FECHA Y HORA DE LA ÚLTIMA TRANSACCIÓN
campo de control 20230906181428.0
007 - CAMPO FIJO DE DESCRIPCIÓN FÍSICA--INFORMACIÓN GENERAL
campo de control de longitud fija t|
008 - DATOS DE LONGITUD FIJA--INFORMACIÓN GENERAL
campo de control de longitud fija 050718s1928 sp ||||1| spa d
245 00 - MENCIÓN DEL TÍTULO
Título Monumento a Curros Enríquez
Resto del título : bases para el concurso de proyectos /
Mención de responsabilidad, etc. Real Academia Gallega.
260 ## - PUBLICACIÓN, DISTRIBUCIÓN, ETC.
Lugar de publicación, distribución, etc. La Coruña :
Nombre del editor, distribuidor, etc. [s.n.,
Fecha de publicación, distribución, etc. 1928?] (
Fabricante Roel)
300 ## - DESCRIPCIÓN FÍSICA
Extensión 12 p., [2] h., 1 h. de map. pleg. :
Otras características físicas fot. ;
Dimensiones 23 cm.
500 ## - NOTA GENERAL
Nota general Texto fechado en 7 de marzo de 1928.
600 14 - PUNTO DE ACCESO ADICIONAL DE MATERIA--NOMBRE DE PERSONA
Nombre de persona Curros Enríquez, Manuel-
Subdivisión general Monumentos.
9 (RLIN) 42233
710 2# - ENTRADA AGREGADA--NOMBRE DE ENTIDAD CORPORATIVA
Nombre de entidad corporativa o nombre de jurisdicción como elemento de entrada Real Academia Gallega.
9 (RLIN) 6341
852 ## - LOCALIZACIÓN
Ubicación ES-MaACL
Número de control de estantería 1738-F-9
Holdings
Estatus retirado Estado de pérdida Estado de daño No para préstamo Colección Biblioteca de origen Biblioteca actual Ubicación en estantería Fecha de adquisición Fuente de adquisición Total de préstamos Signatura topográfica completa Código de barras Visto por última vez Precio de reemplazo Tipo de ítem Koha
        Colección de folletos Biblioteca del Ateneo de Madrid Biblioteca del Ateneo de Madrid Depósito folletos 17/01/2008     1738-F-9 1098403 23/02/2023 23/02/2023 Folleto